[Event "SVK-chT2C 1819"]
[Site "Slovakia"]
[Date "2018.10.13"]
[Round "1.7"]
[White "Valuska, Jan"]
[Black "Uhrincat, Ivan"]
[Result "0-1"]
[WhiteElo "1974"]
[BlackElo "1960"]
[PlyCount "104"]
[EventDate "2018.10.13"]
[EventType "team-tourn"]
[EventRounds "11"]
[EventCountry "SVK"]
[SourceTitle "CBM 187 Extra"]
[Source "ChessBase"]
[SourceDate "2018.11.04"]
[SourceVersion "1"]
[SourceVersionDate "2018.11.04"]
[SourceQuality "1"]
[WhiteTeam "Zvolen Slavia"]
[BlackTeam "Banska Bystrica Kurta"]
[WhiteTeamCountry "SVK"]
[BlackTeamCountry "SVK"]

1. e4 c5 2. Nf3 d6 3. d4 cxd4 4. Nxd4 Nf6 5. Nc3 g6 6. f4 Bg4 7. Be2 Bxe2 8. Qxe2 Nc6 9. Nb3 Bg7 10. Be3 0-0 11. 0-0 Qd7 12. Rad1 Qg4 13. Rf3 Qe6 14. Nd4 Nxd4 15. Bxd4 Rfc8 16. e5 dxe5 17. Bxe5 Ng4 18. Bxg7 Qxe2 19. Nxe2 Kxg7 20. c3 Rd8 21. Rfd3 Rxd3 22. Rxd3 Nf6 23. h3 Rc8 24. Kf2 Rc7 25. Ke3 e6 26. g4 b5 27. Nd4 a6 28. Nb3 Rc4 29. Rd4 Rc6 30. Na5 Rb6 31. a3 h5 32. gxh5 gxh5 33. Rd2 Kf8 34. Rf2 Ke7 35. b3 Rd6 36. c4 bxc4 37. bxc4 Rd1 38. Rd2 Rh1 39. Nc6+ Kf8 40. Rd8+ Kg7 41. Rd3 Rxh3+ 42. Kd4 Rxd3+ 43. Kxd3 Nd7 44. Ne5 Nxe5+ 45. fxe5 Kf8 46. Ke3 f6 47. exf6 Kf7 48. Kd4 Kxf6 49. Kc5 h4 50. Kb6 h3 51. c5 h2 52. c6 h1Q 0-1

[Event "SVK-chT2C 1213"]
[Site "Slovakia"]
[Date "2012.10.13"]
[Round "1.4"]
[White "Valuska, Jan"]
[Black "Zvarik, Martin"]
[Result "0-1"]
[WhiteElo "2013"]
[BlackElo "2222"]
[PlyCount "58"]
[EventDate "2012.10.13"]
[EventType "team-tourn"]
[EventRounds "11"]
[EventCountry "SVK"]
[SourceTitle "EXT 2015"]
[Source "ChessBase"]
[SourceDate "2014.11.20"]
[SourceVersion "1"]
[SourceVersionDate "2014.11.20"]
[SourceQuality "1"]
[WhiteTeam "Zvolen Slavia"]
[BlackTeam "Zilina Mladost II"]
[WhiteTeamCountry "SVK"]
[BlackTeamCountry "SVK"]

1. f4 Nc6 2. Nf3 d6 3. d4 Bf5 4. Nc3 Nf6 5. d5 Nb4 6. Nd4 Qd7 7. e4 Nxe4 8. Bb5 c6 9. dxc6 bxc6 10. Nxc6 Nxc3 11. bxc3 Nxc6 12. Qd5 Rc8 13. 0-0 e6 14. Re1 Be7 15. Qf3 d5 16. Bb2 0-0 17. c4 Qd8 18. Rad1 Qb6+ 19. Kh1 dxc4 20. Bxc6 Qxc6 21. Qf2 c3 22. Bc1 Bc5 23. Be3 Bxe3 24. Rxe3 Rfd8 25. Rde1 h6 26. Qh4 Rd2 27. Qg3 Rcd8 28. Rc1 Be4 29. Rg1 Bxg2+ 0-1

[Event "SVK-chT2C 0910"]
[Site "Slovakia"]
[Date "2010.02.27"]
[Round "10.3"]
[White "Valuska, Jan"]
[Black "Singliar, Anton"]
[Result "0-1"]
[WhiteElo "2057"]
[BlackElo "2133"]
[PlyCount "90"]
[EventDate "2009.10.10"]
[EventType "team-tourn"]
[EventRounds "11"]
[EventCountry "SVK"]
[SourceTitle "EXT 2011"]
[Source "ChessBase"]
[SourceDate "2010.11.26"]
[SourceVersion "1"]
[SourceVersionDate "2010.11.26"]
[SourceQuality "1"]
[WhiteTeam "Zvolen Slavia"]
[BlackTeam "Dolny Kubin"]
[WhiteTeamCountry "SVK"]
[BlackTeamCountry "SVK"]

1. f4 c5 2. Nf3 Nc6 3. b3 Nf6 4. Bb2 g6 5. e4 Bg7 6. e5 Nd5 7. g3 0-0 8. Nc3 Nxc3 9. Bxc3 d6 10. exd6 Qxd6 11. Bxg7 Kxg7 12. Qe2 Bg4 13. c3 Rad8 14. 0-0-0 Rfe8 15. h3 Bxf3 16. Qxf3 e5 17. Bb5 e4 18. Qe3 a6 19. Be2 f5 20. g4 Ne7 21. Qg3 Qf6 22. h4 fxg4 23. Qxg4 e3 24. Kc2 exd2 25. Qg5 Nd5 26. Qxf6+ Kxf6 27. Rxd2 Nxf4 28. Bf3 Rxd2+ 29. Kxd2 b6 30. Rf1 Kf5 31. b4 cxb4 32. cxb4 h6 33. a4 a5 34. Kc3 axb4+ 35. Kxb4 Re5 36. Rd1 Re3 37. Rf1 Ke5 38. Kb5 Rb3+ 39. Kc4 Rb2 40. Re1+ Kd6 41. Re4 Ne6 42. Rg4 g5 43. hxg5 Nxg5 44. Bg2 Kc7 45. Rh4 Rxg2 0-1

[Event "SVK-chT2C 0910"]
[Site "Slovakia"]
[Date "2010.02.07"]
[Round "9.5"]
[White "Dusik, Tomas"]
[Black "Valuska, Jan"]
[Result "1/2-1/2"]
[WhiteElo "2142"]
[BlackElo "2057"]
[PlyCount "114"]
[EventDate "2009.10.10"]
[EventType "team-tourn"]
[EventRounds "11"]
[EventCountry "SVK"]
[SourceTitle "EXT 2011"]
[Source "ChessBase"]
[SourceDate "2010.11.26"]
[SourceVersion "1"]
[SourceVersionDate "2010.11.26"]
[SourceQuality "1"]
[WhiteTeam "Zilina DMS"]
[BlackTeam "Zvolen Slavia"]
[WhiteTeamCountry "SVK"]
[BlackTeamCountry "SVK"]

1. Nf3 b6 2. g3 Bb7 3. Bg2 e6 4. 0-0 Nc6 5. c4 Nf6 6. d4 d5 7. Nc3 Be7 8. cxd5 exd5 9. Bf4 0-0 10. Rc1 Nh5 11. Nxd5 Nxf4 12. Nxf4 Bd6 13. Ne5 Na5 14. Bxb7 Nxb7 15. Nfd3 Re8 16. e3 Qf6 17. Qf3 Qxf3 18. Nxf3 f6 19. Rc3 Nd8 20. Rc2 Ne6 21. e4 g5 22. d5 g4 23. Nd2 Nd4 24. Rc4 Ne2+ 25. Kg2 b5 26. Rc6 Nd4 27. Rcc1 f5 28. e5 Bxe5 29. Nxe5 Rxe5 30. Rxc7 Rxd5 31. Rfc1 Ne6 32. Rc8+ Rxc8 33. Rxc8+ Kf7 34. Nb3 Ng5 35. Rc5 Ke6 36. Rxb5 Rd1 37. Rc5 Rb1 38. Nd4+ Kf6 39. Rxf5+ Kg6 40. Rb5 Rd1 41. Rb4 Kf6 42. Nc2 h5 43. Ne3 Ra1 44. a4 Nf3 45. Nxg4+ hxg4 46. Rxg4 Ne1+ 47. Kf1 Nd3+ 48. Ke2 Nxb2 49. h4 Rxa4 50. Rxa4 Nxa4 51. h5 Nc5 52. Ke3 a5 53. Kd4 a4 54. Kc3 Ne4+ 55. Kb4 Nxf2 56. Kxa4 Kg5 57. Ka3 Kxh5 1/2-1/2

[Event "SVK-chT2C 0910"]
[Site "Slovakia"]
[Date "2010.01.10"]
[Round "7.5"]
[White "Giertli, Vladimir"]
[Black "Valuska, Jan"]
[Result "0-1"]
[WhiteElo "2029"]
[BlackElo "2057"]
[PlyCount "52"]
[EventDate "2009.10.10"]
[EventType "team-tourn"]
[EventRounds "11"]
[EventCountry "SVK"]
[SourceTitle "EXT 2011"]
[Source "ChessBase"]
[SourceDate "2010.11.26"]
[SourceVersion "1"]
[SourceVersionDate "2010.11.26"]
[SourceQuality "1"]
[WhiteTeam "Banska Bystrica CVC"]
[BlackTeam "Zvolen Slavia"]
[WhiteTeamCountry "SVK"]
[BlackTeamCountry "SVK"]

1. e4 e6 2. h4 d5 3. d3 dxe4 4. dxe4 Qxd1+ 5. Kxd1 Nf6 6. f3 Nh5 7. Ne2 Nc6 8. Be3 f5 9. Nd2 Bd6 10. Nc4 fxe4 11. Nxd6+ cxd6 12. fxe4 Ne5 13. Nc3 Ng4 14. Kd2 Nxe3 15. Kxe3 Bd7 16. Bd3 Ke7 17. g4 Nf6 18. g5 Ng4+ 19. Ke2 Ne5 20. Ke3 Bc6 21. Be2 a6 22. Raf1 Raf8 23. Rhg1 Rxf1 24. Rxf1 Rf8 25. Rg1 Ng6 26. h5 Nf4 0-1